00705nam a2200193 a 45000010005000000030009000050080041000140200015000550400028000700820016000981000030001142450087001442600065002313000020002964900051003166500037003676500057004046500050004617650CO-ViMGA141112s2004 ck r 000 u spa d a0827032765 aCO-ViMGAbspacCO-ViMGA04aCo860.4 C651 aRodriguez Vergara, Isabel10aColombia : bliteratura y cultura del siglo XX / cRodríguez Vergara ed. Isabel  aWashington, cCentro Editorial La educación, cOEA, c1994 ax, 231 p, 24 cm aInteramer de la Secretaría General de la OEA14aColombia - literatura y sociedad14aLiteratura colombiana - Historia y critica, siglo xx14aLiteratura y cultura - ensayos - conferencias